[Event "RUS-chT Rapid Men 2018"]
[Site "Sochi"]
[Date "2018.10.08"]
[Round "1"]
[White "Yuffa, Daniil"]
[Black "Rozhko, Dmitry"]
[Result "1-0"]
[WhiteElo "2563"]
[BlackElo "2305"]
[Annotator "TA"]
[PlyCount "135"]
[EventDate "2018.10.05"]
[EventType "swiss"]
[EventCountry "RUS"]
[SourceTitle "playchess.com"]
[Source "ChessBase"]
[SourceQuality "1"]

{[%evp 11,135,36,43,25,47,48,71,17,20,-8,-4,-21,0,0,20,0,12,-7,0,0,0,0,0,0,-10,-16,-12,-11,18,19,29,-9,-16,-16,-16,-16,-16,-16,-22,-3,-6,-26,0,0,0,0,69,69,91,26,39,32,40,0,19,16,20,18,17,0,22,23,25,28,22,2,0,0,22,23,80,62,103,30,30,30,51,48,48,39,38,41,26,36,133,127,137,129,181,164,450,450,450,450,449,442,435,427,972,1074,964,729,1406,1254,5826,5778,29971,29972,29977,29978,29978,29979,29979,29980,29981,29981,29981,29982,29985,29986,29986,29986,29988,29989,29989,29990]} 1. c4 c6 2. d4 d5 3. Nc3 Nf6 4. Nf3 a6 5. e3 b5 6. b3 Bg4 7. a4 {[%cal Ra4b5] D15: Slav Defence: 4 Nc3 a6 and gambit lines after 4 Nc3 dxc4} (7. cxd5 cxd5 8. Bd3 e6 9. a4 b4 10. Ne2 Bxf3 11. gxf3 Be7 12. Bd2 O-O 13. Rc1 Qd7 14. Qc2 Bd6 {1-0 (28) Aronian,L (2805)-Laznicka,V (2647) Riadh 2017}) 7... b4 8. Ne2 Nbd7 9. Nf4 $146 (9. Ne5 $16) ({Predecessor:} 9. Ne5 Nxe5 10. dxe5 Bxe2 11. Bxe2 Ne4 12. Bb2 e6 13. O-O Nc3 14. Qd3 dxc4 15. Qxc4 {½-½ (76) Inarkiev,E (2675)-Solak,D (2607) Jerusalem 2015}) 9... e6 10. a5 Bd6 11. c5 Bc7 12. Nd3 Ne4 13. Qc2 O-O (13... Bxa5 14. Nfe5 $18) 14. Nd2 Bf5 15. Nxe4 Bxe4 16. f3 Bg6 17. Qf2 e5 18. Be2 $1 exd4 19. exd4 Bxa5 20. O-O Re8 21. Bf4 Bc7 22. Bxc7 Qxc7 23. Nxb4 a5 24. Na6 Qb7 25. Rxa5 Qxb3 26. Rfa1 Nf8 27. R5a3 Qb2 28. Bf1 Qxf2+ (28... Qb7 $11) 29. Kxf2 $14 {Nb4 is the strong threat.} Ne6 30. Ra4 ({Better is} 30. Nb4 $1 $16 Rxa3 31. Rxa3) 30... Ra7 31. Rb4 Rea8 32. Ke3 Re8 33. Kd2 h5 34. Kc3 Nf4 35. Kd2 Rae7 36. Rb8 {Strongly threatening Rxe8+.} f6 37. Rxe8+ Bxe8 38. Rb1 Ne6 39. Kc3 Ra7 40. g3 Nc7 (40... Ng5 $11 {keeps the balance.}) 41. Rb6 Nxa6 42. Rxa6 {[%mdl 4096] Endgame KRB-KRB} (42. Bxa6 $16 Re7 43. Bb7) 42... Re7 $11 43. Kd2 Rb7 44. Rb6 Ra7 45. Ba6 Kf8 46. Kc3 Re7 47. Bb7 Re3+ ({Black should play} 47... Re6 $1 $14) 48. Kb4 $16 Rd3 49. Bxc6 Rxd4+ (49... Bxc6 $16 50. Rxc6 Rxd4+ 51. Kb5 Rd2) 50. Kb5 $1 $18 Bxc6+ $2 (50... Rd2) 51. Kxc6 {KR-KR} Ke7 52. Rb7+ Ke6 53. Rxg7 Rd2 54. Rd7 Rxh2 (54... d4 $142 55. Rd6+ Ke7) 55. Rd6+ Ke7 56. Rxd5 Rh3 {[#]} 57. f4 $1 {[%cal Bf3f4,Bf4f5][%mdl 32]} Rxg3 58. Rxh5 Ke6 {[#]} 59. Rd5 $1 {White mates.} Rf3 60. f5+ Ke7 61. Kc7 Rf2 62. c6 {[%cal Bc5c6,Bc6c7][%mdl 32]} Rb2 63. Kc8 Rb3 64. c7 Rb2 65. Rd7+ Ke8 66. Rd6 Ke7 67. Re6+ Kf7 68. Kd7 {Precision: White = 62%, Black = 34%.} 1-0

[Event "RUS-chT Rapid Men 2018"]
[Site "Sochi"]
[Date "2018.10.08"]
[Round "1"]
[White "Savchenko, Boris"]
[Black "Kostin, Alexey"]
[Result "1/2-1/2"]
[WhiteElo "2562"]
[BlackElo "2253"]
[Annotator "TA"]
[PlyCount "110"]
[EventDate "2018.10.05"]
[EventType "swiss"]
[EventCountry "RUS"]
[SourceTitle "playchess.com"]
[Source "ChessBase"]
[SourceQuality "1"]

{[%evp 13,109,50,43,36,24,22,41,32,23,22,32,0,6,-28,-24,-33,-22,-50,31,28,22,17,19,23,30,28,47,51,55,68,102,111,96,101,104,7,6,7,7,0,4,7,0,3,33,0,0,0,0,0,0,-1,-2,0,0,0,-13,-13,0,-93,-93,-93,-95,-114,-116,-106,-108,-94,-20,-52,-13,-13,-13,-13,-13,-13,-13,-13,-13,-13,-13,-13,-13,-13,-13,-13,-13,-13,-13,-13,-13,-13,-13,-13,-13,-13,0,0]} 1. e4 c5 2. Nf3 e6 3. d4 cxd4 4. Nxd4 a6 5. c4 Nf6 6. Nc3 Qc7 7. Be2 Nc6 {LiveBook: 89 Partien} 8. Nxc6 {B41: Sizilianisch (Paulsen-Variante)} (8. O-O Nxd4 9. Qxd4 Bd6 10. g3 O-O 11. Be3 Be5 12. Qd3 Bxc3 13. bxc3 b5 14. c5 Bb7 15. f3 Bc6 16. Qd6 {½-½ (56) Goganov,A (2603)-Svidler,P (2739) St Petersburg 2015}) 8... dxc6 9. Be3 e5 10. Qb3 $146 {Weiß steht etwas besser.} ({Vorgänger:} 10. O-O Be7 11. Qc2 O-O 12. Na4 Be6 13. Bb6 Qc8 14. Be3 Nd7 15. c5 Qc7 {½-½ (64) Tairova,E (2294)-Burtasova,A (2274) Cheboksary 2006}) 10... Be6 11. Bb6 Qc8 12. O-O-O Be7 13. a3 (13. g3 {keeps more tension.} Nd7 14. f4 exf4 15. gxf4 Nxb6 16. Qxb6 Qb8 17. Qe3) 13... O-O 14. Kb1 Nd7 15. Na4 Bd8 (15... a5 $15) 16. Bxd8 $14 Rxd8 17. Nb6 Nxb6 18. Qxb6 Rb8 19. c5 Rd4 20. Rxd4 exd4 21. Rd1 Qd7 {[#]} 22. Bxa6 $1 {[%mdl 512]} h6 (22... bxa6 23. Qxb8+) 23. f3 Qe7 24. Qb4 (24. Bf1 $16) 24... b5 $1 $11 25. cxb6 $1 ({Natürlich nicht} 25. Rxd4 Ra8 $17) 25... Qxb4 26. axb4 {b7 ist eine echte Drohung.} Rxb6 {[%mdl 4096] Endspiel KTL-KTL} 27. Bd3 Rxb4 28. Rc1 Rb6 29. f4 f6 30. Bc4 c5 31. Bd5 Bxd5 32. exd5 {KT-KT} Rb5 33. d6 Kf7 {Und ...Ke6 würde nun gewinnen.} 34. Re1 $1 Rb7 35. f5 Rd7 36. Re6 {[#]} (36. Rc1 $11 {war der einzige Weg, das Gleichgewicht zu behalten.}) 36... h5 $1 $17 {[%cal Bh6h5,Bh5h4][%mdl 32]} 37. h3 {[#]} h4 $1 38. Re4 Rxd6 39. Rxh4 Rd5 40. Rf4 Re5 {[#]} (40... Ke7 $17 41. b3 Kd6) 41. b4 $1 {[%mdl 512]} d3 {Droht ...Te1+ und aus.} (41... cxb4 42. g4) 42. Kc1 $1 {Die Stellung ist ausgeglichen.} cxb4 {Droht ...b3.} 43. Kd2 Re2+ 44. Kxd3 Rxg2 {zielt auf ...b3 ab.} 45. Rxb4 Rg3+ 46. Ke4 Rxh3 {( -> ...Th4+)} 47. Rb8 $1 Rh1 48. Kf4 Rf1+ 49. Ke4 Re1+ 50. Kf4 Re8 51. Rb2 Ra8 52. Kg4 Ra4+ 53. Kh5 Kg8 54. Rb7 Kh7 $2 {[%mdl 8192]} (54... Ra1 55. Kg4 Ra4+ 56. Kf3 Ra2) 55. Rxg7+ Kxg7 {Precision: Weiß = 68%, Schwarz = 63%.} 1/2-1/2

[Event "RUS-chT Rapid Men 2018"]
[Site "Sochi"]
[Date "2018.10.08"]
[Round "1"]
[White "Bocharov, Dmitry"]
[Black "Dudin, Gleb"]
[Result "1-0"]
[WhiteElo "2557"]
[BlackElo "2178"]
[Annotator "ChessBase"]
[PlyCount "45"]
[EventDate "2018.10.05"]
[EventType "swiss"]
[EventCountry "RUS"]
[SourceTitle "playchess.com"]
[Source "ChessBase"]
[SourceQuality "1"]
[TimeControl "900+10"]

1. c4 {[%emt 0:00:00]} e6 {[%emt 0:00:13]} 2. Nf3 {[%emt 0:00:00]} Nf6 {[%emt 0:00:11]} 3. g3 {[%emt 0:00:05]} d5 {[%emt 0:01:08]} 4. Bg2 {[%emt 0:00:07]} c6 {[%emt 0:00:27]} 5. b3 {[%emt 0:01:05]} Bd6 {[%emt 0:00:20]} 6. Bb2 {[%emt 0:00:07]} Nbd7 {[%emt 0:00:22]} 7. d4 {[%emt 0:02:01]} O-O {[%emt 0:00:50]} 8. O-O {[%emt 0:00:03]} Qe7 {[%emt 0:04:33]} 9. Nc3 {[%emt 0:00:31]} e5 {[%emt 0:04:16]} 10. dxe5 {[%emt 0:02:28]} Nxe5 {[%emt 0:00:14]} 11. cxd5 {[%emt 0:00:03]} Rd8 {[%emt 0:01:52]} 12. Nd4 {[%emt 0:02:22]} cxd5 {[%emt 0:00:43]} 13. Rc1 {[%emt 0:00:02]} a6 {[%emt 0:00:37]} 14. Qc2 {[%emt 0:00:50]} Be6 {[%emt 0:00:52]} 15. Nf5 {[%emt 0:00:19]} Bxf5 {[%emt 0:00:04]} 16. Qxf5 {[%emt 0:00:03]} g6 {[%emt 0:00:38]} 17. Qg5 {[%emt 0:00:36]} d4 {[%emt 0:00:18]} 18. Na4 {[%emt 0:00:12]} b5 {[%emt 0:00:09]} 19. Bxa8 {[%emt 0:00:13]} Rxa8 {[%emt 0:00:06]} 20. Nb6 {[%emt 0:00:03]} Rb8 {[%emt 0:00:01]} 21. Nc8 {[%emt 0:00:53]} Qe6 {[%emt 0:00:06]} 22. Nxd6 {[%emt 0:00:06]} Qxd6 {[%emt 0:00:02]} 23. Bxd4 {[%emt 0:00:51]} 1-0

[Event "RUS-chT Rapid Men 2018"]
[Site "Sochi"]
[Date "2018.10.08"]
[Round "1"]
[White "Shariyazdanov, Andrey"]
[Black "Artemiev, Vladislav"]
[Result "0-1"]
[WhiteElo "2526"]
[BlackElo "2706"]
[Annotator "TA"]
[PlyCount "120"]
[EventDate "2018.10.05"]
[EventType "swiss"]
[EventCountry "RUS"]
[SourceTitle "playchess.com"]
[Source "ChessBase"]
[SourceQuality "1"]

{[%evp 19,120,46,56,70,74,87,65,82,99,40,53,18,12,0,25,-13,-8,-23,-14,-22,-9,-49,5,5,8,2,33,0,50,16,17,1,53,52,46,53,314,302,306,306,501,51,61,28,32,12,9,0,0,0,0,0,0,0,0,0,0,0,0,0,0,0,0,0,0,0,0,0,0,0,0,0,0,0,0,0,0,0,0,0,0,-29963,-29966,-29966,-29967,-29968,-29970,-29968,-29971,-29970,-29974,-29974,-29974,-29975,-29976,-29975,-29977,-29984,-29985,-29985,-29986,-29986,-29987]} 1. Nf3 Nf6 2. c4 g6 3. Nc3 d5 4. cxd5 Nxd5 5. e4 Nb6 6. h3 Bg7 7. d4 O-O 8. Be2 Nc6 9. Be3 f5 10. exf5 {D70: Grünfeldindisch (Abweichung im 3. Zug)} Bxf5 {LiveBook: 9 Partien} 11. O-O Qd6 $146 ({Vorgänger:} 11... Nb4 12. Qd2 Nc2 13. Rad1 Nxe3 14. fxe3 Bh6 15. Ne5 c5 16. d5 Qd6 17. Nc4 Nxc4 18. Bxc4 {0-1 (35) Bagaturov,G (2453)-Atakisi,U (2355) Izmir 2013}) 12. Qd2 {Weiß steht besser.} Rad8 {[%cal Rc6d4]} 13. Rad1 Kh8 14. Bh6 (14. d5 $16 Ne5 15. Nxe5 Bxe5 16. f4) 14... e5 $1 $14 {[%cal Re5d4]} 15. Bxg7+ Kxg7 16. d5 Ne7 {[%cal Re7d5]} 17. Nb5 Qf6 $1 {[%cal Re7d5]} 18. Nxc7 Nexd5 19. Nxd5 Nxd5 20. Rfe1 Nf4 (20... e4 $1 $15 21. Nd4 Bxh3 22. gxh3 Qxf2+ 23. Kh1 Ne3) 21. Qe3 $36 {[%mdl 2048] Weiss kämpft um Vorteil.} Nxe2+ 22. Qxe2 e4 23. Nh2 {[%cal Bf3h2,Bh2f1,Bf1e3][%mdl 32]} Qg5 24. Nf1 Bxh3 {[%csl Gh3][%cal Rg5g2]} 25. Qxe4 {und nun wäre Txd8 stark für Weiss.} Bc8 (25... Rxd1 $11 26. Rxd1 Bc8) 26. Rxd8 $14 Qxd8 27. Ne3 {Droht stark Sd5.} Re8 $2 {[%mdl 8192] [#]} ({Besser ist} 27... Qd2 $14 28. Qe5+ Kg8) 28. Nf5+ $1 $18 {[%mdl 512]} Kf8 (28... Bxf5 29. Qxe8) 29. Qb4+ Kg8 $2 (29... Kf7) 30. Qb3+ $2 (30. Qc4+ $18 Kf8 31. Qc5+ Kf7 32. Rxe8 Qd1+ 33. Kh2 Qh5+ 34. Kg3 Qg5+ 35. Kf3 Qxf5+ 36. Qxf5+ Bxf5 37. Rb8) 30... Kf8 $14 31. Qa3+ Kg8 $1 32. Rxe8+ (32. Ne3 {with more complications.} Qf6 33. Re2 Qa6 34. Qxa6 bxa6 35. b3) 32... Qxe8 33. Ne7+ Kf7 34. Nxc8 Qxc8 35. Qxa7 $11 {[%mdl 4096] Endspiel KD-KD} Qc1+ 36. Kh2 Qxb2 37. a4 Qe5+ 38. Kg1 Qc7 39. Qd4 Qc6 40. Qf4+ Ke6 41. g4 Kd5 42. Qb4 h5 43. gxh5 gxh5 44. Kg2 Ke5+ 45. Kg3 Kf5 46. Qf4+ Kg6 47. Qd4 Qc7+ 48. f4 Qe7 49. Qd3+ Kh6 50. Qd4 $2 {[%mdl 8192] [#]} (50. Kf3 $11) 50... Qg7+ $1 {Schwarz setzt Matt.} 51. Qxg7+ Kxg7 {KBB-KBB} 52. a5 Kf6 53. Kh4 Kg6 54. f5+ Kxf5 55. Kxh5 {KB-KB} Ke4 56. Kg4 Kd3 57. Kf3 Kc4 58. a6 bxa6 59. Ke2 Kc3 60. Kd1 Kb2 {Precision: Weiß = 41%, Schwarz = 63%.} 0-1

[Event "RUS-chT Rapid Men 2018"]
[Site "Sochi"]
[Date "2018.10.08"]
[Round "1"]
[White "Shcherbakov, Ruslan"]
[Black "Diakonova, Ekaterina"]
[Result "1-0"]
[WhiteElo "2516"]
[BlackElo "2236"]
[Annotator "TA"]
[PlyCount "127"]
[EventDate "2018.10.05"]
[EventType "swiss"]
[EventCountry "RUS"]
[SourceTitle "playchess.com"]
[Source "ChessBase"]
[SourceQuality "1"]

{[%evp 15,127,62,153,135,137,137,135,120,131,108,264,198,271,168,155,166,168,146,195,152,160,163,262,252,259,207,261,222,308,201,208,224,213,216,291,149,233,169,161,153,212,144,172,89,117,121,112,81,66,60,64,33,105,59,83,49,87,22,26,0,0,0,55,0,0,0,0,0,0,0,0,8,113,0,0,-8,-8,-861,0,0,0,0,0,-8,-8,-112,0,0,0,0,0,0,0,0,8,8,118,118,29956,29955,29962,29963,29953,29962,29961,29963,5641,0,0,0,29977,29978,29981,29983]} 1. d4 {[%cal Bd2d4,Bd4d5][%mdl 32]} Nf6 2. c4 {[%cal Bc2c4,Bc4b5][%mdl 32]} c5 3. d5 b5 4. cxb5 a6 5. bxa6 g6 6. Nc3 {A58: Benko/Volga Gambit: Lines with 5 bxa6} Bg7 7. e4 {[%cal Be2e4,Be4e5][%mdl 32]} Qa5 8. Bd2 Bxa6 {LiveBook: 4 Games} (8... O-O $14) 9. e5 $146 ({Predecessor:} 9. Bxa6 Qxa6 10. e5 Ng8 11. Bf4 Nh6 12. g4 Qc4 13. Bxh6 Bxh6 {½-½ (47) Steingrimsson,H (2530)-Jones,G (2642) Reykjavik 2015}) 9... Ng8 10. Nf3 Bxf1 11. Kxf1 Qa6+ 12. Kg1 Qd3 $2 (12... d6 $16 {was called for.}) 13. h3 h5 (13... Nh6 {was necessary.} 14. g4 O-O) 14. Kh2 Nh6 15. Re1 Nf5 16. Kg1 Na6 17. Bg5 $36 {[%mdl 2048] White is in control.} Qxd1 18. Raxd1 Bh6 (18... O-O $142 19. g4 hxg4 20. hxg4 f6) 19. Bxh6 $18 Nxh6 20. Re4 Nf5 21. Ra4 Kf8 22. Ne4 Kg7 23. g4 hxg4 24. hxg4 Nh6 25. Nc3 (25. d6 $18 exd6 26. g5 (26. Nxd6 Nc7 $16)) 25... Nb4 (25... Nc7 $16) 26. Rxa8 Rxa8 27. a3 {Threatens to win with g5.} Na6 (27... Nc2 $16) 28. Nh2 Rb8 29. Rd2 (29. d6 $18 e6 30. Rd2) 29... d6 30. exd6 exd6 31. Ne4 Rb6 32. Kg2 f5 33. gxf5 Nxf5 (33... gxf5 $14 34. Nc3 Kf6) 34. Nf3 Nc7 35. Nc3 (35. Nfg5 {is interesting.} Rb8 36. Kf3 Kf8 37. Nc3 Ke7 38. Kg4) 35... Nb5 36. Nxb5 (36. a4 $16 Nc7 37. Ng5) 36... Rxb5 $16 {[%mdl 4096] Endgame KRN-KRN} 37. Ng1 Kf6 38. Ne2 Ke5 ({Black should play} 38... Rb7 $11) 39. Nc3 (39. f4+ $14 Kf6 40. Nc3) 39... Rb8 $11 40. a4 Nd4 41. Kf1 Rb7 42. Kg2 Rb8 43. Kg3 Rf8 (43... g5 $11 {remains equal.}) 44. Kg2 (44. Rd1 $16) 44... Rb8 45. f3 Kf4 46. Ne2+ $2 {[%mdl 8192]} (46. Rf2 $11) 46... Ke5 $2 (46... Ke3 $19 47. Nxd4 Kxd2) 47. Nxd4 cxd4 {KR-KR} 48. Kf2 Rb4 49. b3 Rxb3 {White must now prevent ...Ra3.} 50. Ra2 (50. Re2+ $1 $11 Kxd5 51. Ra2) 50... Rb6 ({Much worse is} 50... Kxd5 $6 51. a5 $11) (50... Kf4 $1 $17 51. a5 Rxf3+ 52. Kg2 Rc3) 51. a5 Ra6 52. Ke2 Kxd5 53. Kd3 Kc5 54. f4 d5 55. Ra1 $1 Kb5 (55... Kd6 $11 {keeps the balance.}) 56. Kxd4 $16 Rf6 $2 {[%mdl 8192]} (56... Kc6 $16 57. Ra3 Kd6) 57. a6 $1 {[%cal Ba5a6,Ba6a7][%mdl 32]} Rxf4+ 58. Kxd5 Rf5+ 59. Ke6 $1 Rf8 60. a7 Ra8 {[#]} 61. Kd7 $2 ({White has to play} 61. Kd6 $1 $18 {[%cal Rd6c7]} Kc4 62. Kc6) 61... Kb6 $11 62. Rb1+ Ka6 $2 {[%mdl 8192] [#]} (62... Kc5 $11) 63. Kc7 $1 Rxa7+ 64. Kc6 {Precision: White = 47%, Black = 29%.} 1-0

[Event "RUS-chT Rapid Men 2018"]
[Site "Sochi"]
[Date "2018.10.08"]
[Round "1"]
[White "Moiseenko, Vadim"]
[Black "Kharitonov, Egor"]
[Result "1-0"]
[WhiteElo "2492"]
[BlackElo "2387"]
[Annotator "ChessBase"]
[PlyCount "76"]
[EventDate "2018.10.05"]
[EventType "swiss"]
[EventCountry "RUS"]
[SourceTitle "playchess.com"]
[Source "ChessBase"]
[SourceQuality "1"]
[TimeControl "900+10"]

1. e4 {[%emt 0:00:00]} c5 {[%emt 0:00:00]} 2. Nc3 {[%emt 0:00:00]} a6 {[%emt 0:00:53]} 3. f4 {[%emt 0:02:21]} b5 {[%emt 0:00:07]} 4. Nf3 {[%emt 0:00:09]} Bb7 {[%emt 0:00:02]} 5. d3 {[%emt 0:00:10]} e6 {[%emt 0:00:15]} 6. g3 {[%emt 0:00:09]} Be7 {[%emt 0:00:29]} 7. Bg2 {[%emt 0:00:01]} Nc6 {[%emt 0:00:08]} 8. O-O {[%emt 0:00:03]} d6 {[%emt 0:00:03]} 9. Be3 {[%emt 0:00:05]} Nf6 {[%emt 0:00:02]} 10. h3 {[%emt 0:00:04]} Qc7 {[%emt 0:02:27]} 11. a3 {[%emt 0:00:26]} Rd8 {[%emt 0:01:21]} 12. g4 {[%emt 0:00:24]} d5 {[%emt 0:00:37]} 13. exd5 {[%emt 0:00:10]} Nxd5 {[%emt 0:00:05]} 14. Nxd5 {[%emt 0:00:02]} Rxd5 {[%emt 0:00:02]} 15. Qe1 {[%emt 0:00:44]} O-O {[%emt 0:01:00]} 16. Rd1 {[%emt 0:00:11]} Rdd8 {[%emt 0:00:43]} 17. Qf2 {[%emt 0:00:05]} Nd4 {[%emt 0:01:07]} 18. Rde1 {[%emt 0:02:12]} Nxf3+ {[%emt 0:02:08]} 19. Bxf3 {[%emt 0:00:01]} Bxf3 {[%emt 0:00:02]} 20. Qxf3 {[%emt 0:00:02]} Bf6 {[%emt 0:00:02]} 21. Bc1 {[%emt 0:00:29]} c4 {[%emt 0:00:23]} 22. dxc4 {[%emt 0:00:08]} Qxc4 {[%emt 0:00:03]} 23. Re2 {[%emt 0:00:14]} Rd5 {[%emt 0:02:15]} 24. Kh2 {[%emt 0:01:00]} Rfd8 {[%emt 0:00:22]} 25. Rg2 {[%emt 0:01:02]} Qc7 {[%emt 0:01:00]} 26. c3 {[%emt 0:01:08]} Qd6 {[%emt 0:00:17]} 27. Be3 {[%emt 0:00:11]} Rd3 {[%emt 0:00:41]} 28. Qe4 {[%emt 0:00:16]} Qd5 {[%emt 0:00:13]} 29. Qxd5 {[%emt 0:00:01]} R8xd5 {[%emt 0:00:02]} 30. Re2 {[%emt 0:00:07]} h6 {[%emt 0:00:12]} 31. Kg2 {[%emt 0:00:25]} a5 {[%emt 0:00:19]} 32. Rc1 {[%emt 0:00:30]} Kh7 {[%emt 0:00:42]} 33. Kf3 {[%emt 0:01:46]} Kg6 34. Ke4 Be7 {[%emt 0:01:06]} 35. f5+ {[%emt 0:00:29]} Kh7 {[%emt 0:00:16]} 36. fxe6 {[%emt 0:00:02]} fxe6 {[%emt 0:00:01]} 37. Rf1 {[%emt 0:00:08]} Kg6 {[%emt 0:00:03]} 38. Rf3 {[%emt 0:00:51]} Bf6 {[%emt 0:00:15]} 1-0

[Event "RUS-chT Rapid Men 2018"]
[Site "Sochi"]
[Date "2018.10.08"]
[Round "1"]
[White "Hasangatin, Ramil"]
[Black "Uzhva, Andrey"]
[Result "1-0"]
[WhiteElo "2485"]
[BlackElo "2270"]
[Annotator "RC"]
[PlyCount "75"]
[EventDate "2018.10.05"]
[EventType "swiss"]
[EventCountry "RUS"]
[SourceTitle "playchess.com"]
[Source "ChessBase"]
[SourceQuality "1"]
[TimeControl "900+10"]

1. d4 {[%emt 0:00:00]} Nf6 {[%emt 0:01:35]} 2. Nf3 {[%emt 0:00:00]} g6 {[%emt 0:00:02]} 3. Nc3 {[%emt 0:00:00]} d5 {[%emt 0:00:05]} 4. Bf4 {[%emt 0:00:01]} Bg7 {[%emt 0:00:09]} 5. Nb5 {[%emt 0:00:02]} Na6 {[%emt 0:00:09]} 6. e3 {[%emt 0:00:01]} c6 {[%emt 0:01:49]} 7. Nc3 {[%emt 0:00:01]} Qa5 {[%emt 0:00:33]} 8. Nd2 {[%emt 0:00:52]} b5 {[%emt 0:00:50]} 9. Be2 {[%emt 0:01:03]} Nd7 {[%emt 0:01:51]} 10. Nb3 {[%emt 0:01:04]} Qd8 {[%emt 0:01:10]} 11. a4 {[%emt 0:00:12]} b4 {[%emt 0:00:20]} 12. Na2 {[%emt 0:00:01]} e5 {[%emt 0:00:36]} 13. Bg3 {[%emt 0:00:44]} Qe7 {[%emt 0:00:23]} 14. O-O {[%emt 0:00:43]} Rb8 {[%emt 0:01:34]} 15. Re1 {[%emt 0:00:04]} O-O {[%emt 0:00:08]} 16. Qd2 {[%emt 0:00:20]} Nc7 {[%emt 0:00:32]} 17. Bf3 {[%emt 0:02:09]} f5 {[%emt 0:00:55]} 18. Na5 {[%emt 0:01:28]} Rb6 {[%emt 0:00:08]} 19. c3 {[%emt 0:00:01]} bxc3 {[%emt 0:00:47]} 20. Qxc3 {[%emt 0:00:01]} Qf6 {[%emt 0:00:39]} 21. h3 {[%emt 0:03:14]} Ne6 {[%emt 0:01:59]} 22. Nxc6 {[%emt 0:00:49]} e4 {[%emt 0:00:02]} 23. Bd1 {[%emt 0:02:48]} f4 {[%emt 0:00:04]} 24. exf4 {[%emt 0:00:06]} Nxf4 {[%emt 0:00:24]} 25. Nab4 {[%emt 0:00:59]} Bb7 {[%emt 0:00:39]} 26. Rc1 {[%emt 0:00:21]} Bxc6 {[%emt 0:00:36]} 27. Nxc6 {[%emt 0:00:02]} Nd3 {[%emt 0:00:02]} 28. Bb3 {[%emt 0:00:32]} Qg5 {[%emt 0:00:56]} 29. h4 {[%emt 0:00:31]} Qh5 {[%emt 0:00:40]} 30. Bxd5+ Kh8 31. Bxe4 {[%emt 0:00:13]} Nxe1 {[%emt 0:00:01]} 32. Rxe1 {[%emt 0:00:10]} Nf6 {[%emt 0:00:07]} 33. Bf3 {[%emt 0:00:03]} Qh6 {[%emt 0:00:00]} 34. a5 {[%emt 0:00:15]} Rb5 {[%emt 0:00:07]} 35. Ne5 {[%emt 0:00:04]} Nh5 {[%emt 0:00:06]} 36. Qc4 {[%emt 0:00:08]} Nxg3 {[%emt 0:00:44]} 37. Qxb5 {[%emt 0:00:11]} Nf5 {[%emt 0:00:14]} 38. Qd5 {[%emt 0:00:05]} 1-0

[Event "RUS-chT Rapid Men 2018"]
[Site "Sochi"]
[Date "2018.10.08"]
[Round "1"]
[White "Kezin, Roman"]
[Black "Girshgorn, Leonid"]
[Result "1-0"]
[WhiteElo "2471"]
[BlackElo "1925"]
[Annotator "TA"]
[PlyCount "93"]
[EventDate "2018.10.05"]
[EventType "swiss"]
[EventCountry "RUS"]
[SourceTitle "playchess.com"]
[Source "ChessBase"]
[SourceQuality "1"]

{[%evp 16,93,41,18,17,8,16,5,0,15,8,0,27,17,16,22,12,25,129,128,314,297,316,314,505,488,518,478,479,490,764,743,1593,665,1287,460,700,328,418,373,361,357,362,357,350,354,397,339,397,282,2380,2316,1756,1846,1322,1161,1878,1842,1712,1394,1340,1283,1123,0,1046,867,743,0,741,0,734,397,732,691,1000,966,1077,1193,1125,1108]} 1. d4 Nf6 2. c4 g6 3. Nc3 d5 4. Nf3 Bg7 5. cxd5 Nxd5 6. e4 Nxc3 7. bxc3 c5 8. Be3 Nc6 9. Qd2 cxd4 {D85: Exchange Grünfeld: Unusual White 7th moves and lines with 7 Nf3} (9... Qa5 10. Rb1 a6 11. Rc1 cxd4 12. cxd4 Qxd2+ 13. Kxd2 f5 14. e5 Be6 15. Bc4 Bxc4 16. Rxc4 O-O 17. Ke2 e6 18. Rb1 Rf7 19. Rb6 Rd7 20. g3 h6 21. Ne1 g5 {0-1 (42) Gajewski,G (2633)-Piorun,K (2655) Poznan 2016}) 10. cxd4 Bg4 {White should prevent ...Bxf3.} 11. Rd1 Bxf3 {The position is equal.} 12. gxf3 O-O 13. Be2 Qd7 14. d5 $36 {[%mdl 2048] White is pushing.} Ne5 15. f4 Ng4 16. Bd4 e5 $146 (16... Nf6 $11) ({Predecessor:} 16... Rac8 17. Bxg7 Kxg7 18. Qd4+ Kg8 19. f3 Nf6 20. Kd2 {1-0 (33) Tarbuck,L (106)-Zigmond,A (123) Coventry 2015}) 17. fxe5 $16 Bxe5 $2 {[#]} (17... Nxe5 $16 {was necessary.} 18. f4 Ng4) 18. Rg1 $1 $18 Bxd4 19. Bxg4 (19. Qxd4 h5 $16) 19... f5 $2 (19... Bxf2+ 20. Kxf2 Qd6) 20. Bxf5 $1 ({Less strong is} 20. Qxd4 fxg4 21. e5 Rae8 $11) 20... Rxf5 21. exf5 ({Not} 21. Qxd4 Rf4 $14) 21... Re8+ 22. Kf1 Bb6 (22... Re4 $142 23. Rg5 Bf6) 23. fxg6 Qh3+ 24. Rg2 {[#] Strongly threatening gxh7+.} hxg6 25. Kg1 (25. Qg5 $142 Qh7 26. Qf6) 25... Qf3 (25... Kg7 $142 26. d6 Qf5) 26. Rf1 (26. Rxg6+ $142 Kf7 27. Rg3) 26... Re4 27. Rxg6+ Kf7 28. Rg3 Rg4 {intending ...Rxg3+.} 29. Qh6 {Qe6+ would kill now.} Rxg3+ 30. hxg3 Qxg3+ {[%mdl 4096] Endgame KQR-KQB} 31. Kh1 Qf3+ 32. Kh2 Bd4 $2 (32... Qxd5 33. Qf4+ Ke7 34. Re1+ Kd7) 33. Qe6+ Kf8 34. Qc8+ Kf7 35. Qxb7+ Kf6 36. Qc6+ Kf7 37. Qc7+ Kf8 38. Qd6+ Kf7 39. Qc7+ Kf8 $1 40. Qd8+ Kf7 41. Qc7+ Kf8 $1 42. Qd6+ Kf7 43. Qg3 Qh5+ $2 (43... Qxd5 44. Qc7+ Kf8) 44. Kg2 {White is clearly winning.} Bf6 45. d6 Qd5+ 46. Kg1 Be5 47. Qb3 {Precision: White = 65%, Black = 30%.} 1-0